Global financial stability report market developments and issues

Uložené v:
Podrobná bibliografia
Médium: Kniha
Jazyk:English
Vydavateľské údaje: Washington, D.C. IMF 2002
Edícia:World economic and financial surveys
Predmet:
Tagy: Pridať tag
Žiadne tagy, Buďte prvý, kto otaguje tento záznam!

MARC

LEADER 00000nam$a2200000$$$4500
001 0003560
005 20260105083125.1
020 |a 1-58906-105-5 
022 |a 0258-7440 
041 0 |a eng 
044 |a US 
245 1 0 |a Global financial stability report  |b market developments and issues 
264 1 |a Washington, D.C.  |b IMF  |c 2002 
300 |a 77 s. 
490 1 |a World economic and financial surveys 
830 0 |a World economic and financial surveys 
610 2 0 |a trh finančný medzinárodný 
610 2 0 |a trh finančný 
610 2 0 |a trhy 
610 2 0 |a financie 
610 2 0 |a financie medzinárodné 
610 2 0 |a kapitál 
610 2 0 |a bankovníctvo 
610 2 0 |a Medzinárodný menový fond 
610 2 0 |a EWS